000 00730nam a2200289Ia 4500
005 20260324133509.0
008 008 260324s9999 xx 000 0 eng d
020 _a9780203049464
037 _aEBOOK
040 _aCRL
040 _beng
040 _cCRL
041 _2eng
041 _aeng
084 _qCRL
100 _aC Michael Hall; Dallen J. Timothy; David Timothy Duval
_91193327
245 0 _aSafety and Security in Tourism
245 0 _bRelationships, Management, and Marketing
260 _bTaylor and Francis
260 _c2003
365 _a
365 _b350
856 _uhttp://www.taylorfrancis.com/books/9780203049464
942 _cEBOOK
999 _c1792402
_d1792402